[Event "4th London Chess Classic"]
[Site "London ENG"]
[Date "2012.12.07"]
[Round "6.1"]
[White "Aronian, Levon"]
[Black "Kramnik, Vladimir"]
[Result "1/2-1/2"]
[WhiteElo "2815"]
[BlackElo "2795"]
[PlyCount "133"]
[EventDate "2012.12.01"]

1. e4 e5 2. Nf3 Nc6 3. Bb5 Nf6 4. O-O Nxe4 5. d4 Nd6 6. Bxc6 dxc6 7. dxe5 Nf5
8. Qxd8+ Kxd8 9. Nc3 Ke8 10. h3 h5 11. Bg5 Be6 12. b3 Be7 13. Rad1 h4 14. Ne4
b6 (14... Bd5 15. Rfe1 Rd8 16. Bf4 Rd7 17. Nfg5 Rh6 18. c4 Bxe4 19. Nxe4 Rxd1
20. Rxd1 Re6 21. Ng5 Rg6 22. Nf3 c5 23. Rd3 Ra6 24. a4 c6 25. g4 {1/2-1/2
Karjakin,S (2725)-Jakovenko,D (2725)/Dagomys RUS 2010/The Week in Chess 804})
15. c4 a5 16. Rd2 Rd8 17. Rfd1 Rxd2 18. Bxd2 c5 19. Bf4 a4 20. Nc3 axb3 21.
axb3 {Aronian thought he was better here but it is all about being in time and
it seems he can't break through.} Bd8 $1 22. Kf1 Rg8 23. Ne4 Bc8 24. Ra1 Bb7
25. Neg5 f6 {Now white has to be a bit careful.} 26. exf6 gxf6 27. Ne4 {Not
really en-prise do to a pin on the e-file.} Kd7 28. Rd1+ Kc8 29. Re1 Rg7 30.
Nfd2 Nd4 31. f3 Bc6 32. Nf2 Bd7 33. Ng4 Bf5 34. Kf2 Kd7 (34... Bg6 $1 {Both
players agreed afterwards that this was a better try for black.}) 35. Ne3 Bh7
36. Nd5 Bc2 37. Ne3 Bd3 38. Nd5 Nxb3 {At first Kramnik thought this might win
but white is now just in time to with the c5 pawn after which the game should
finish in a draw.} 39. Nxb3 Bxc4 40. Nxc5+ bxc5 41. Rd1 $1 Kc8 42. Nc3 Rd7 43.
Rc1 {Now white wins the c5 pawn.} Bd3 44. Na4 c4 45. Nb2 Rd5 46. Nxc4 Rc5 47.
Nb2 Rxc1 48. Bxc1 Bb5 49. g3 hxg3+ 50. Kxg3 Kd7 51. Nd1 Ke6 52. Nc3 Be8 53. Be3
Be7 54. h4 {Both players are heading towards a draw but Aronian rather
carelessly loses a pawn and has to concetrante again.} c5 55. Kf2 c4 56. Ke2
Bg6 57. Bd4 f5 58. f4 Bxh4 59. Ke3 Bf7 60. Bg7 Kd6 61. Bf8+ Kc6 62. Ne2 Be1 63.
Nd4+ Kd5 64. Nxf5 c3 65. Kd3 Bg6 66. Ke2 Bxf5 67. Kxe1 1/2-1/2

[Event "4th London Chess Classic"]
[Site "London ENG"]
[Date "2012.12.07"]
[Round "6.2"]
[White "Carlsen, Magnus"]
[Black "Polgar, Judit"]
[Result "1-0"]
[WhiteElo "2848"]
[BlackElo "2705"]
[PlyCount "105"]
[EventDate "2012.12.01"]

1. c4 c5 2. Nf3 Nc6 3. d4 cxd4 4. Nxd4 Nf6 5. Nc3 e6 6. a3 Bc5 7. Nb3 Be7 8. e4
O-O 9. Be2 b6 10. O-O Bb7 11. Bf4 d6 12. Rc1 Rc8 13. Re1 Ne5 14. Nd2 Nfd7 15.
Be3 (15. b4 Kh8 16. Bg3 g5 17. Nb3 a6 18. Bf1 Rg8 19. Na4 Bc6 20. Nd4 Bb7 21.
Nb3 Bc6 22. Nd4 Bb7 23. Nb3 {1/2-1/2 Van Wely,L (2692)-Gashimov,V (2761)/Wijk
aan Zee NED 2012/The Week in Chess 897}) 15... Qc7 16. b4 Qb8 17. f4 Ng6 18. g3
{This opening doesn't really seem to suit Polgar.} Rfe8 19. Bf3 Qa8 20. Bf2
Ngf8 21. Qe2 Qb8 22. Red1 g6 $2 {This is really terribly commital and leaves
black's kingside full of holes.} (22... a6) (22... h6) 23. e5 Bc6 24. Bd4 Red8
25. Bxc6 Rxc6 26. Nf3 dxe5 27. fxe5 Rdc8 28. Ne4 Qc7 29. Nfd2 a6 30. Nf2 Bg5 (
30... h5 {Trying to keep the knight out of the kingside might keep things
going for the moment but f7 is going to be weak sometime.}) 31. Rf1 Bxd2 32.
Qxd2 Nxe5 $2 {Polgar gambles on grabbling a pawn and hopes to hold on. Carlsen
finishes things precisely.} (32... Rxc4 33. Rxc4 Qxc4 34. Ng4 Qd5 35. Nh6+ Kg7
36. Rxf7+ Kh8 37. Rf1) 33. Bxe5 Qxe5 34. Ng4 Rd6 35. Nh6+ Kg7 36. Rxf7+ Kh8 37.
Qf2 Qd4 {Black can get the queens off but unfortunately for her it doesn't
stop the kingside attack.} 38. c5 $5 {Polgar was very short of time and
Carlsen had ages, this sets too many problems for her.} (38. Rf1 {is perhaps
objectively stronger.}) 38... bxc5 (38... Qxf2+ 39. Kxf2 Rdc6) (38... Nd7 39.
Re7 Ne5 40. cxd6 Rxc1+ 41. Kg2 Qxf2+ 42. Kxf2 Rd1 43. g4 Rd2+ 44. Kg3 g5 45.
Rxe6 Nc4 {wins in the end.}) 39. Qxd4+ Rxd4 40. Rxc5 Rcd8 (40... Rxc5 41. bxc5
Rc4 42. Rxf8+ Kg7 43. Rf4 $3) 41. Rcc7 Rd1+ 42. Kg2 R1d2+ 43. Kh3 R2d5 44. Ng4
{Polgar could just as well resign here.} Rh5+ 45. Kg2 Rd2+ 46. Kf3 Rf5+ 47. Ke3
Rxf7 48. Rxf7 Rd8 49. Nf6 Rb8 50. Kf4 h6 51. Ke5 a5 52. bxa5 Ra8 53. a6 1-0

[Event "4th London Chess Classic"]
[Site "London ENG"]
[Date "2012.12.07"]
[Round "6.3"]
[White "Anand, Viswanathan"]
[Black "Adams, Michael"]
[Result "0-1"]
[WhiteElo "2775"]
[BlackElo "2710"]
[PlyCount "84"]
[EventDate "2012.12.01"]

1. c4 e5 2. Nc3 Nf6 3. Nf3 Nc6 4. g3 g6 5. d4 exd4 6. Nxd4 Bg7 7. Bg2 O-O 8.
O-O Re8 9. Nc2 d6 10. Bd2 (10. b3 {0-1 Koksal,E (2254)-Sanal,V (2332)/Konya
TUR 2012/The Week in Chess 924 (61)}) 10... a6 11. Rc1 Ne5 12. b3 c6 13. Be3
Nfg4 14. Bd4 c5 15. Bxe5 Bxe5 16. Nd5 Rb8 17. h3 Nf6 18. Nce3 Nxd5 19. Nxd5 Qa5
20. Rc2 Bf5 21. Qd2 Qd8 (21... Qa3 $5 22. Rcc1 b5 23. Ne3 Be6 24. Nd5 Bf5) 22.
Rcc1 b5 23. cxb5 $5 axb5 24. Rfd1 h5 25. h4 Bg4 26. Ne3 Bd7 27. Bf3 Bd4 28. Nd5
b4 29. Rc4 Be5 {White was really threatening to sacrifice the exchange.} 30.
Kg2 Ra8 31. Ne3 Ra7 32. Rcc1 Qe7 33. Nc4 Be6 34. Rc2 Bf5 35. e4 Be6 36. Nxe5
dxe5 37. Qe3 Ra5 38. Be2 Rd8 39. Rxd8+ Qxd8 40. Rxc5 Rxa2 {The players have
made time control. Anand with a lot of time left.} 41. Bc4 $4 {Very, very
careless of Anand. He probably missed Bh3+. But even Bxc4 is completely safe.}
(41. Rxe5 Qd2 42. Qxd2 Rxd2 43. Bc4 Bxc4 44. bxc4 Rd4 45. c5 Rc4 46. Re7 Rxc5
47. Rb7 Rc4 48. Kf3 Rc3+ 49. Kf4 b3 50. Rb8+ Kg7 {is just a draw.}) 41... Qd1
$1 42. Qh6 Bh3+ {and mate follows.} 0-1

[Event "4th London Chess Classic"]
[Site "London ENG"]
[Date "2012.12.07"]
[Round "6.4"]
[White "McShane, Luke J"]
[Black "Jones, Gawain C B"]
[Result "1-0"]
[WhiteElo "2713"]
[BlackElo "2644"]
[PlyCount "117"]
[EventDate "2012.12.01"]

1. c4 c5 2. g3 Nc6 3. Bg2 g6 4. Nf3 Bg7 5. Nc3 e5 6. O-O Nge7 7. a3 O-O 8. d3
d6 9. Rb1 a5 10. Ne1 Be6 11. Nc2 d5 12. cxd5 Nxd5 13. Ne3 Nde7 14. Nc4 Rb8 15.
Bg5 f6 16. Be3 b6 17. f4 f5 (17... Bh6 18. Kh1 exf4 19. gxf4 Qd7 20. Qe1 Nd4
21. Bg1 a4 22. Rd1 b5 23. Ne4 Qc8 24. Ncd2 Bg4 25. Nf3 Nef5 26. Qc3 Nxe2 27.
Nxf6+ Kh8 28. Qe5 Bxf4 29. Qxe2 Rxf6 30. Qe4 Nd6 31. Qd5 Rf5 32. Qa2 Rh5 33. b4
Nf5 34. Bxc5 Kg7 35. Qb2+ Kh6 36. Qf6 Qd8 37. Qxd8 Rxd8 38. Kg1 Be3+ 39. Bxe3+
Nxe3 {0-1 Hickl,J (2600)-Maksimenko,A (2545)/Vienna AUT 1996}) 18. fxe5 Nxe5
19. Bf4 Nxc4 20. dxc4 Bxc4 21. Bxb8 Qxb8 22. Qa4 Be6 (22... Bf7) 23. Rbd1 Qe5 {
White black nominally has enough for the exchange white's pieces look very
well coordinated.} 24. Kh1 c4 25. e4 $1 Qc5 26. Rde1 Bd4 27. Qd1 Rd8 $2 {This
is the losing move.} (27... Bf7 28. exf5 Bxc3 29. bxc3 Nxf5 30. Qc1) 28. exf5
Bxf5 29. Qe2 Nc8 30. g4 Bd3 31. Qe6+ Kh8 32. Rf7 Nd6 33. Rd7 Rxd7 34. Qxd7 Bf6
35. Nd1 {White was very short of time but this move gets him to first time
control safely with a decisive advantage.} (35. Re6 $1) 35... Qd4 36. g5 Bf5
37. Re8+ Nxe8 38. Qxe8+ Kg7 39. gxf6+ Qxf6 40. Qe3 Bd7 {The ending is
completely winning for white and now McShane spent a lot of time working out
what to do next.} 41. Kg1 $1 b5 $6 42. Qa7 $1 Qd6 43. Nf2 Qd2 44. Bh3 Qg5+ 45.
Bg4 h5 46. Qxd7+ Kh6 47. Qd4 {Threat mate.} Kh7 48. h4 {Going two pieces up.}
Qxh4 49. Qa7+ Kh6 50. Qe3+ Kh7 51. Bd7 b4 52. axb4 axb4 53. Bb5 c3 54. bxc3
bxc3 55. Bd3 Qd8 56. Qc5 Qh4 57. Qxc3 Qg3+ 58. Kf1 h4 59. Qc8 1-0

[Event "4th London Classic Open"]
[Site "London ENG"]
[Date "2012.12.06"]
[Round "6.1"]
[White "Hillarp Persson, Tiger"]
[Black "Melkumyan, Hrant"]
[Result "1/2-1/2"]
[WhiteTitle "GM"]
[BlackTitle "GM"]
[WhiteElo "2546"]
[BlackElo "2649"]
[WhiteFideId "1700812"]
[BlackFideId "13302485"]
[EventDate "2012.12.01"]

1. e4 e5 2. Nf3 Nc6 3. Bc4 Bc5 4. d3 Nf6 5. O-O d6 6. c3 h6 7. Re1 Bg4 8. Nbd2
Bb6 9. Nf1 Qd7 10. h3 Bxf3 11. Qxf3 Na5 12. a4 Nxc4 13. dxc4 a5 14. Ng3 Qe6 15.
Nf5 Kf8 16. Be3 Bxe3 17. Nxe3 g6 18. Nd5 Nxd5 19. exd5 Qf5 20. c5 Qxf3 21. gxf3
Kg7 22. Ra3 dxc5 23. Rxe5 Rhd8 24. Rb3 b6 25. c4 Rd6 26. Kg2 Rf6 27. Kg3 g5 28.
Re4 Rd8 29. f4 Kg6 30. fxg5 hxg5 31. Re7 c6 32. dxc6 Rxc6 33. Rb7 Rdd6 34. f4
gxf4+ 35. Kxf4 Rf6+ 36. Kg3 Rcd6 37. Re3 Kg7 38. h4 Rg6+ 39. Kh3 Rd1 40. Rg3
Rh1+ 41. Kg2 Rg1+ 42. Kxg1 Rxg3+ 43. Kf2 Rb3 44. h5 Rxb2+ 45. Ke3 Rb4 46. Kd3
Kg8 47. Rb8+ Kh7 48. Rb7 Kg7 49. Kc3 Rxa4 50. Rxb6 Ra3+ 51. Kd2 Rh3 52. Ra6 Rxh5
53. Rxa5 Re5 54. Ra1 Kg6 55. Rg1+ Kh5 56. Rh1+ Kg4 57. Rg1+ Kh4 58. Rh1+ Kg5 59.
Rg1+ Kf5 60. Rf1+ Ke6 61. Rh1 f6 62. Kd3 Kf7 63. Rh2 Kg6 64. Rg2+ Kf7 65. Rh2 f5
66. Rh6 Re6 67. Rh8 Kg6 68. Rg8+ Kf6 69. Rf8+ Kg5 70. Rd8 Kf4 71. Rf8 Re3+ 72.
Kd2 Re5 73. Kd3 Re3+ 74. Kd2 Re7 75. Kd3 Kg5 76. Rg8+ Kf6 77. Rf8+ Kg6 78. Rg8+
Kf7 79. Rc8 Re5 80. Rc6 f4 81. Rh6 f3 82. Rh2 Rf5 83. Rf2 Rf4 84. Ke3 Rxc4 85.
Rxf3+ Ke6 86. Kd3 Ra4 87. Rf8 c4+ 1/2-1/2